00306nam a2200121Ia 4500008004100000041000800041082001400049100001600063245003200079260003300111300002900144365001100173240624s9999 xx 000 0 und d aeng a658.3 LAH aLAHIRI KEKA aHR TRENDS IN SERVICE SECTOR c2006aHyderabadbICFAI press av, : 205 : p. : cm. ; 23 cRSb50